1886 1269 1386 1240 1945 1291 1611 1506 1754 1115 1326 1326 1569 1184 1089 1177 1687 1752 1914 1683 1309 1213 1427 1294 1904 1965 1296 1036 1210 1323 1862 1274 1947 1623 1016 1719 1279 1245 1652 1888 1950 1786 1143 1111 1043 1653 1936 1455 1952 1743 1383 1293 1395 1369 1079 1603 1109 1275 1210 1606 1821 1159 1184 1638 1692 1103 1844 1738 1937 1285 1364 1045 1275 1726 1707 1740 1589 1283 1514 1909 1302 1281 1410 1384 1125 1363 1557 1963 1730 1318 1018 1964 1958 1380 1167 1678 1300 1615 1978 BCNSPRNW ULIB Ver.6.0+V

เปลี่ยนเป็นภาษาไทย

Change to English
 แสดงรายละเอียดบรรณานุกรม
  กลับหน้าหลัก

Brief Record : Get Marc (ISO 2709) : E-mail record : QR code < ปิดหน้าต่าง
LEADER : 00000nam 2200000uu 4500
001    13399125158
003     ULIB
008    161024s2550||||th 000 0 tha d
099    ^aวพ.WY105^bย445ผ
100 0  ^aยุวราณี สุขวิญญาณ์
245 00 ^aผลของการจัดการเรียนการสอนแบบบูรณาการในวิชาการพยาบาลบุคคลที่มีปัญหาสุขภาพ 1 วิทยาลัยพยาบาลบรมราชชนนี สวรรค์ประชารักษ์ นครสวรรค์ /^cยุวราณี สุขวิญญาณ์,สุภาวรรณ์ ศรีจันท์ทองศิริ,สิริกานต์ แรงกสิกร
260    ^aนครสวรรค์ :^bวิทยาลัยพยาบาลบรมราชชนนี สวรรค์ประชารักษ์ นครสวรรค์ สถาบันพระบรมราชชนก สำนักงานปลัดกระทรวงสาธารณสุข กระทรวงสาธารณสุข ,^c2550
300    ^a141 หน้า ;^c29 ซม.
700    ^aสุภาวรรณ์ ศรีจันท์ทองศิริ
700    ^aสิริกานต์ แรงกสิกร
945    ^p0^l0^i001407
995    ^aณรีรัตน์
999 ^a ณรีรัตน์
รายการนี้ยังไม่มีแท็ก
คุณยังไม่ได้ล็อกอิน คุณสามารถมีกิจกรรมร่วมกับเว็บไซต์ได้ แต่ต้องล็อกอินก่อน ::
  ล็อกอิน

รายการสื่อสารสนเทศ

ลำดับที่ ประเภท เลขเรียก/บาร์โค้ด สถานที่ สถานะ
1. งานวิจัย
งานวิจัย
วพ.WY105 ย445ผ ฉ.1 
  Barcode: 001407
ห้องสมุดวิทยาเขตสวรรค์ประชารักษ์
►วิจัย
บนชั้น

BibComment


ยังไม่เคยถูกคอมเมนท์

คอมเมนท์ทรัพยากรรายการนี้
  คอมเมนท์: ผลของการจัดการเร..


 Copyright 2026. Bcnsprnw @Library